=LDR 00000nam 2200000 4500 =247 ##$$a =856 ##$$a =700 #$$a =600 #$$a =520 #$$a =321 ##$$a =310 ##$$a =300 ##$$a $b $c $e =260 ##$$a $b $c =001 $a INLIS000000000020895 =245 ##$$a Desentralisasi dalam Pelaksanaan Manajemen Pembangunan $b $c Soemitro =100 #$$a Soemitro =084 ##$$a =082 ##$$a =035 ##$$a 0010-0426000052 =020 ##$$a =008 $a 260429###########################0###### =005 $a 20260429145828